000 00590nam a2200181Ia 4500
008 100920s9999 xx 000 0 und d
082 _b8976
_a891.43 थ 57
100 _aअश्क उपेन्द्रनाथ.
245 _aगिरती दिवारे.
260 _bनीलाम प्रकाशन, प्रयाग.
_c1957
300 _a704
_bसाधी
365 _b11.25
520 _aहिंदी.
630 _aगिरती दिवारे.
650 _aहिंदी.
730 _aगिरती दिवारे.
942 _cBOOK
999 _c676120
_d676117